000 00525cam a2200193 4500
001 ABS60935
008 000000n1999 000 0 eng u
035 _a(Sirsi) u101480
245 _aFocus '99: Staffordshire and Shropshire.
260 _c1999
490 _aEstates Gazette
_v(9928)17 July 1999, 67-92(12)
650 _aSTAFFORDSHIRE
650 _aSHROPSHIRE
650 _aTELFORD
650 _aTAMWORTH
650 _aSHREWSBURY
690 _aPROPERTY-COMMERCIAL PROPERTY-COMMERCIAL PROPERTY MARKET
942 _n0
999 _c60613
_d60613